Top 15 Countries with Covid-19 Cases - 29 September 2021 - Statistics

General Stats
  • This quiz has been taken 40 times
  • The average score is 13 of 26
Answer Stats
country % Correct
United States
100%
United Kingdom
94%
France
92%
India
92%
Brazil
89%
Germany
86%
Spain
86%
Italy
83%
Russia
81%
Mexico
69%
Argentina
58%
Iran
53%
Indonesia
50%
Turkey
50%
Colombia
36%
Netherlands
36%
Sweden
31%
Czechia
19%
Estonia
19%
Lithuania
19%
Slovenia
19%
Israel
17%
Serbia
17%
Uruguay
17%
Bahrain
8%
Georgia
8%
No matching quizzes found
Score Distribution
Percent of People with Each Score
Percentile by Number Answered
Your Score History
You have not taken this quiz